Professional English in use: Law

Uloženo v:
Podrobná bibliografie
Hlavní autoři: Brown, Gillian (Autor), Rice, Sally (Autor)
Médium: Kniha
Jazyk:angličtina
Vydáno: Cambridge Cambridge University Press 2007
Témata:
Tagy: Přidat tag
Žádné tagy, Buďte první, kdo vytvoří štítek k tomuto záznamu!

MARC

LEADER 00000cam a2200000 a 4500
001 UCG8546
003 CL-VaPUC
008 111216e20070000UK |||||||||||||||||eng|d
020 |a 9780521685429 
082 0 4 |a 428  |b BRO  |2 21 
100 |a Brown, Gillian  |e author  |9 582416 
700 0 |a Rice, Sally  |e author  |9 559622 
245 1 0 |a Professional English in use: Law 
300 |a 128 p 
942 |c BK 
945 |d 20111216 00:00:00  |a dcastane 
260 |a Cambridge  |b Cambridge University Press  |c 2007 
650 0 |a Educación lingüística  |9 306506 
650 0 |a Enseñanza del inglés  |9 367340 
650 0 |a Inglés técnico  |9 326365 
650 7 |a DERECHO  |2 CL-VaPUC  |9 559623 
583 |a last modification  |c 20111216 11:30:00  |k Rodrigo Vera 
999 |c 346153  |d 346151 
952 |0 0  |1 0  |4 0  |6 428_000000000000000_BRO_2007  |7 0  |8 ?  |9 446731  |a FDOILP  |b FDOILP  |d 2019-11-22  |i 4815793  |o 428 BRO 2007  |p 4815793  |r 2019-11-22  |w 2019-11-22  |y BK  |k ILP